| 000 | 00564cam a2200145 4500500 | ||
|---|---|---|---|
| 005 | 20260329005504.0 | ||
| 041 | _afre | ||
| 042 | _adc | ||
| 100 | 1 | 0 |
_aSchumacher, Julio _eauthor |
| 245 | 0 | 0 | _aJean Daniélou, Incorporated. Frictions, résidus et affects de la mondialisation. Premier Parallèle, “Carnets parallèles”, 2025, 120 pages, 9 euros. |
| 260 | _c2026. | ||
| 500 | _a21 | ||
| 786 | 0 | _nÉtudes | 4334 | 2 | 2026-01-26 | p. 135-136 | 0014-1941 | |
| 856 | 4 | 1 | _uhttps://shs.cairn.info/journal-etudes-2026-2-page-135?lang=en&redirect-ssocas=7080 |
| 999 |
_c1843861 _d1843861 |
||